<?xml version="1.0" encoding="UTF-8"?><?xml-stylesheet type="text/xsl" href="static/style.xsl"?><OAI-PMH xmlns="http://www.openarchives.org/OAI/2.0/" xmlns:xsi="http://www.w3.org/2001/XMLSchema-instance" xsi:schemaLocation="http://www.openarchives.org/OAI/2.0/ http://www.openarchives.org/OAI/2.0/OAI-PMH.xsd"><responseDate>2026-04-13T13:28:00Z</responseDate><request verb="GetRecord" identifier="oai:www.recercat.cat:2445/207823" metadataPrefix="marc">https://recercat.cat/oai/request</request><GetRecord><record><header><identifier>oai:recercat.cat:2445/207823</identifier><datestamp>2024-11-26T16:20:00Z</datestamp><setSpec>com_2072_1057</setSpec><setSpec>col_2072_478810</setSpec><setSpec>col_2072_478917</setSpec></header><metadata><record xmlns="http://www.loc.gov/MARC21/slim" xmlns:dcterms="http://purl.org/dc/terms/" xmlns:xsi="http://www.w3.org/2001/XMLSchema-instance" xmlns:doc="http://www.lyncode.com/xoai" xsi:schemaLocation="http://www.loc.gov/MARC21/slim http://www.loc.gov/standards/marcxml/schema/MARC21slim.xsd">
   <leader>00925njm 22002777a 4500</leader>
   <datafield ind2=" " ind1=" " tag="042">
      <subfield code="a">dc</subfield>
   </datafield>
   <datafield ind2=" " ind1=" " tag="720">
      <subfield code="a">Rondero, Carlos</subfield>
      <subfield code="e">author</subfield>
   </datafield>
   <datafield ind2=" " ind1=" " tag="720">
      <subfield code="a">Reyes Rodríguez, Aarón</subfield>
      <subfield code="e">author</subfield>
   </datafield>
   <datafield ind2=" " ind1=" " tag="720">
      <subfield code="a">Font Moll, Vicenç</subfield>
      <subfield code="e">author</subfield>
   </datafield>
   <datafield ind2=" " ind1=" " tag="260">
      <subfield code="c">2024-02-20T18:15:12Z</subfield>
   </datafield>
   <datafield ind2=" " ind1=" " tag="260">
      <subfield code="c">2024-02-20T18:15:12Z</subfield>
   </datafield>
   <datafield ind2=" " ind1=" " tag="260">
      <subfield code="c">2022</subfield>
   </datafield>
   <datafield ind2=" " ind1=" " tag="260">
      <subfield code="c">2024-02-20T18:15:12Z</subfield>
   </datafield>
   <datafield ind2=" " ind1=" " tag="520">
      <subfield code="a">Durante la enseñanza del cálculo, generalmente no se discute la tensión discreto continuo, lo cual repercute en el tipo de comprensión que generan los estudiantes respecto de las ideas centrales o fundamentales de esta rama de las matemáticas. Afirmamos que tal tensión propicia o es generadora de articulaciones entre objetos matemáticos, las cuales, a su vez, constituyen nuevo conocimiento. Se analiza la tensión discreto-continuo en tres casos, presentes en el cálculo: (i) Teorema del valor medio para derivadas, (ii) Teorema del valor medio para integrales y (iii) Teorema fundamental. Se rescata la coexistencia y complementación de ambos enfoques. Además, se resalta la presencia de la noción de promediación como un eje de articulación de estos tres resultados, tanto en lo discreto como en lo continuo. Finalmente, destacamos la relevancia que tiene para la didáctica de la matemática reflexionar en torno a la tensión entre una diversidad de opuestos que perviven en la matemática, la cual da cuenta y es un aspecto más de la complejidad de los objetos que en ella se estudian. Todo lo anterior constituye una herramienta que puede apoyar a la re-construcción orientada del conocimiento matemático, como perspectiva didáctica.</subfield>
   </datafield>
   <datafield ind1="8" ind2=" " tag="024">
      <subfield code="a">http://hdl.handle.net/2445/207823</subfield>
   </datafield>
   <datafield tag="653" ind2=" " ind1=" ">
      <subfield code="a">Didàctica de la matemàtica</subfield>
   </datafield>
   <datafield tag="653" ind2=" " ind1=" ">
      <subfield code="a">Càlcul</subfield>
   </datafield>
   <datafield tag="653" ind2=" " ind1=" ">
      <subfield code="a">Mathematics teaching methods</subfield>
   </datafield>
   <datafield tag="653" ind2=" " ind1=" ">
      <subfield code="a">Calculus</subfield>
   </datafield>
   <datafield ind2="0" ind1="0" tag="245">
      <subfield code="a">La tensión entre opuestos como generadora de conocimiento matemático: El caso discreto-continuo en el cálculo</subfield>
   </datafield>
</record></metadata></record></GetRecord></OAI-PMH>